Movies Quiz

Random Movies or Disney Quiz
Score 0/30 Timer 10:00
11 Plays Today
% Correct
Bambi
95.6%
Peter Pan
94.1%
Frozen
92.9%
The Jungle Book
92.5%
Snow White and the Seven Dwarfs
92.1%
Pinocchio
88.7%
Wreck-It Ralph
87.4%
101 Dalmatians
85.9%
Mulan
83.6%
The Lion King
82.5%
Brother Bear
82.1%
Big Hero 6
81.5%
The AristoCats
79.7%
Pocahontas
78.7%
Lilo & Stitch
78.5%
% Correct
Dumbo
77.2%
Lady and the Tramp
74.9%
Bolt
74.9%
The Many Adventures of Winnie the Pooh
74.8%
Aladdin
74.4%
Cinderella
73.5%
Sleeping Beauty
72.3%
The Fox and the Hound
72.1%
Hercules
70%
The Emperor's New Groove
69.5%
Atlantis: The Lost Empire
62.9%
The Great Mouse Detective
57.6%
The Sword in the Stone
55.5%
Robin Hood
55%
Oliver & Company
50.4%

You're not logged in!

Compare scores with friends on all Sporcle quizzes.
OR
Log In

Sporcle TV

Today on Sporcle TV


Watch our educational content, quiz creation guides, and fun videos on Sporcle TV.

Show Comments

Extras

Top Quizzes Today


Score Distribution

Paid Content

Your Account Isn't Verified!

In order to create a playlist on Sporcle, you need to verify the email address you used during registration. Go to your Sporcle Settings to finish the process.

Report this User

Report this user for behavior that violates our Community Guidelines.

Details: